Statystyki dla Odpowiedź zaczyna się na E

Kliknij tutaj aby rozwiązać quiz!

Ogólne statystyki

  • Ten quiz został rozwiązany 55 razy
  • Średni wynik to 9 z 15

Statystyki odpowiedzi

HintOdpowiedź% Poprawnych
Miasto na prawach powiatu w województwie warmińsko-mazurskimElbląg
85%
Zawód związany z montażem i naprawą instalacji elektrycznych oraz konserwacyjno-naprawczych instalacjiElektryk
85%
Amerykański wynalazca, opatentował żarówkę elektrycznąEdison
83%
System określania położenia przeszkód lub poszukiwanych obiektów w otoczeniu z użyciem zjawiska echa akustycznego. Metoda stosowana przez niektóre zwierzętaEcholokacja
72%
Morfotyczny składnik krwi; krwinka czerwonaErytrocyt
72%
Stolica ArmeniiErywań
64%
Polska piosenkarka, autorka piosenki "Szukaj mnie", "Jaka róża taki cierń"Edyta
60%
W mitologii greckiej syn Lajosa i JokastyEdyp
57%
W powietrzu pali się niebieskim płomieniem o słabym nasileniuEtanol
57%
Rodzaj drzew i krzewów należący do rodziny mirtowatych; wiecznie zielone drzewo liściaste rosnące w klimacie tropikalnym i umiarkowanymEukaliptus
57%
Najwyższym szczytem w kraju jest Emba Soira; religią wiodącą jest islamErytrea
55%
Niepodległość od Królestwa Włoch uzyskana została 28 listopada 1941 rokuEtiopia
53%
Odcień pomiędzy bielą a beżemEcru
51%
Polski polityk i działacz społeczny pochodzenia żydowskiego, lekarz kardiolog, jeden z przywódców powstania w getcie warszawskimEdelman
32%
Przewodnik elektryczny, będący elementem szeregu układów elektrycznych, wysyłający lub przyjmujący ładunek elektryczny z otoczeniaElektroda
32%

Rozkład punktacji

Percentyl według liczby udzielonych odpowiedzi

Procent ludzi z każdym wynikiem

Twoja historia wyników

Nie rozwiązałeś tego quizu